00778cam a22002054a 4500020002800000040000800028082002600036100002400062245006000086250001200146260004100158300003500199650002900234700002200263856006200285856005400347942000700401999001700408952014700425 a0072343524 (alk. paper) cDLC00a330 MCG 2001 A073 Or.1 aSilberberg, Eugene.14aThe structure of economics :ba mathematical analysis / a3rd ed. aBoston, Mass. :bMcGraw-Hill,c2001. axvii, 668 p. :bill. ;c25 cm. 0aEconomics, Mathematical.1 aSuen, Wing Chuen.42uhttp://www.loc.gov/catdir/description/mh021/00037220.html41uhttp://www.loc.gov/catdir/toc/mh021/00037220.html cEK c15149d15149 0010406330_000000000000000_MCG_2001_A073_OR70967886aLBAbLBAcA073d2017-11-11o330 MCG 2001 A073 Or.pA07257r2017-11-11w2017-11-11yEK